000 00972nam a22001697a 4500
003 OSt
005 20250203120534.0
008 250203s2022 ag ||||| |||| 00| p spa d
020 _a9789878429199
040 _cbesoc
100 1 _aHernández, Fausto
_d1987-1959
_eautor
245 1 0 _aEnsueño :
_bLa Muerte la llevamos dentro /
_cFausto Hernández
260 _aRosario :
_bemr,
_c2018
520 _aPoco antes de su muerte, ocurrida el 5 de mayo de 1959, Fausto Hernández entregó a su amigo el pintor Julio Vanzo (1901-1984) una copia mecanografiada de un nuevo libro, Ensueño, del cual había sido publicado un adelanto en 1941 en el primer número de la revista Paraná dirigida por Montes i Bradley. Esta copia se conservó entre las pertenencias de Vanzo y fue descubierta recientemente, lo que explica que Ensueño se haya mantenido inédito y desconocido hasta este momento. [Nota del editor]
650 4 _aLiteratura argentina
_vPoesía
_ySiglo XX
942 _2udc
_cOG
_n0
999 _c415
_d415